000 00928caa a22002417a 4500
999 _c418526
_d418526
001 130522
003 UA-OsUOA
005 20200112140449.0
007 ta
008 20180506b un ||||| |||| 00| 0 ukr d
040 _aUA-OsUOA
_bukr
_cUA-OsUOA
_dUA-OsUOA
041 _aukr
080 _a908
090 _a908
_bК78
100 _aКрамар Ю.
245 _aОсновні засади національної політики "санації" на Волині у міжвоєнний період
_cЮ. Крамар
300 _aС. 204–211
650 7 _a908 Краєзнавство
_2UDC
773 0 _0318350
_9334435
_dОстрог Національний університет "Острозька академія" 2003
_o61485
_tНаукові записки
_w(UA-OsUOA) 31915
_z966-7631-62-1
942 _cBKA
_2udc
955 _a1